01551nas a2200385 a 4500999001500000001001900015003000400034005001700038008004100055035002500096040002300121043003000144080002400174080002700198245006200225260006200287300002200349310001400371362004600385500003000431505002800461510002400489515003000513580008000543650005200623710004500675780006200720856009200782907007000874908001700944940000700961942001300968949009700981952008701078 c7959d7959991037194889706706OSt20241120111008.0990426d19301935spc|| p|| ||| 0 b|cat  a(ES-BaCBU).b19767808 aES-BaBCbcatcCDMR ae-sp---be-spc--2catmarc a070(467.1)(091)(05) a061.231:070(467.1)(05)00aButlletí de la Federació de la Premsa Catalano-Balear aBarcelona :bla Federació,c1930-1935e([s.l. :fs.n.]) a4 núm. ;c25 cm aIrregular0 aNúm. 4 (maig 1930)-núm. 7 (maig 1935) aCapçalera tipogràfica8 aNúmeros monogràfics3 aTorrent/Tasis I-700 aEs manté la numeració aContinuació de: Boletín de la Federación de la Prensa Catalano-Balear 7aPremsazCatalunyaxHistòriaxRevistes.2lemac2 aFederació de la Premsa Catalano-Balear00tBoletín de la Federación de la Prensa Catalano-Balear uhttps://arca.bnc.cat/arcabib_pro/ca/consulta/registro.do?id=2712zAccés lliure (ARCA) a.b19767808b12-02-21c07-05-08d06-05-08esfbg-hcatispcj0k8 aAHSaBCaCLR aBC 2udccRES a1003012825bD7 802/2c1d0e0f19.02.08g1h4k1300m19.02.08n19.02.08o0pFons: Hemeroteca 00104070aCDMRbCDMRd2024-11-04l0oDu (4-5, 1930)r2024-11-04w2024-11-04yRES